Statistics for 2015–16 UEFA Europa League Knockout Stage

Click here to take the quiz!

General Stats

  • This quiz has been taken 23 times
  • The average score is 22 of 62

Answer Stats

Answer% Correct
SevillaFinal
83%
LiverpoolFinal
78%
Liverpool1/2
72%
Liverpool1/4
72%
Sevilla1/2
72%
Sevilla1/4
72%
Sevilla1/8
72%
Dortmund1/4
67%
Liverpool1/8
67%
Sevilla1/16
67%
Dortmund1/8
56%
Liverpool1/16
56%
Villarreal1/2
56%
Dortmund1/16
50%
Villarreal1/4
50%
Villarreal1/16
50%
Manchester Utd1/8
44%
Villarreal1/8
44%
Athletic Bilbao1/4
39%
Athletic Bilbao1/8
39%
SC Braga1/8
39%
Valencia1/8
39%
Athletic Bilbao1/16
33%
Fenerbahçe1/8
33%
Fiorentina1/16
33%
Manchester Utd1/16
33%
RSC Anderlecht1/16
33%
Shakhtar1/4
33%
Shakhtar1/8
33%
Shakhtar1/2
33%
Sparta1/4
33%
Sparta1/16
33%
Sparta1/8
33%
Tottenham1/8
33%
Tottenham1/16
33%
Valencia1/16
33%
FC Porto1/16
28%
Fenerbahçe1/16
28%
SC Braga1/16
28%
SC Braga1/4
28%
Shakhtar1/16
28%
Anderlecht1/8
22%
Augsburg1/16
22%
Basel1/8
22%
Lazio1/16
22%
Leverkusen1/8
22%
Naples1/16
22%
Sporting CP1/16
22%
Basel1/16
17%
Galatasaray1/16
17%
Lazio1/8
17%
Leverkusen1/16
17%
Olympiacos1/16
17%
FC Sion1/16
11%
Lokomotiv1/16
11%
Marseille1/16
11%
Midtjylland1/16
11%
Rapid Wien1/16
11%
Saint-Etienne1/16
11%
Schalke 041/16
11%
Krasnodar1/16
6%
Molde1/16
6%

Score Distribution

Percentile by Number Answered

Percent of People with Each Score

Your Score History

You have not taken this quiz